Afrikanische Hauptstädte - Karten-Quiz - Statistiken

Allgemein
  • Dieses Quiz wurde 12.134 mal gespielt
  • Das Durchschnittsergebnis liegt bei 26 aus 56
Antworten auf der Karte
Die Antworten werden auf der Karte rot bzw. grün angezeigt, abhängig davon wie oft sie richtig erraten wurden.
 
Antwortstatistiken
Antwort % Korrekt
Kairo
91%
Algier
89%
Tunis
87%
Rabat
79%
Kapstadt
74%
Dschibuti
73%
Tripolis
73%
Nairobi
67%
Addis Abeba
66%
Antananarivo
63%
São Tomé
62%
Windhoek
60%
Mogadischu
56%
Bissau
53%
Dakar
53%
Khartum
53%
Kinshasa
53%
Accra
51%
Luanda
49%
Abuja
47%
N'Djamena
47%
Pretoria
47%
Brazzaville
46%
Ouagadougou
46%
Bloemfontein
44%
Kampala
43%
Asmara
41%
Juba
41%
Yamoussoukro
40%
Dodoma
39%
Freetown
38%
Kigali
38%
Niamey
38%
Port Louis
38%
Yaoundé
38%
Lilongwe
37%
Lomé
37%
Victoria
37%
Harare
36%
Nouakchott
36%
Gaborone
35%
Maputo
35%
Bamako
34%
Lusaka
34%
Praia
34%
Bangui
32%
Mbabane
32%
Monrovia
32%
Porto-Novo / Cotonou
32%
Libreville
31%
Conakry
30%
Gitega
30%
Banjul
28%
Maseru
28%
Moroni
26%
Ciudad de la Paz
24%
Keine übereinstimmenden Quizze gefunden
Verteilung der Resultate
Anzahl Personen mit jedem Resultat
Perzentil nach korrekt beantworteten Fragen
Ihre Resultats-Entwicklung
Sie haben dieses Quiz noch nicht gespielt